[Event "Llinars del Valles op-A 7th"]
[Site "Llinars del Valles"]
[Date "2013.05.18"]
[Round "5"]
[White "Rojano Cano, Francisco Jose"]
[Black "Pruja Ramirez de Cartagena, Marc"]
[Result "0-1"]
[WhiteElo "2189"]
[BlackElo "2217"]
[PlyCount "80"]
[EventDate "2013.04.13"]
[EventType "swiss"]
[EventRounds "7"]
[EventCountry "ESP"]
[SourceTitle "EXT 2014"]
[Source "ChessBase"]
[SourceDate "2013.11.20"]
[SourceVersion "1"]
[SourceVersionDate "2013.11.20"]
[SourceQuality "1"]

1. e4 d6 2. d4 g6 3. Nf3 Bg7 4. Nc3 a6 5. Be2 b5 6. a4 b4 7. Nd5 Bb7 8. Nxb4 Bxe4 9. Ng5 Bxg2 10. Bf3 Bxh1 11. Bxh1 Ra7 12. Nc6 Nxc6 13. Bxc6+ Kf8 14. d5 h6 15. Nf3 Ra8 16. Bxa8 Qxa8 17. Ra3 Nf6 18. Rd3 Kg8 19. c4 c6 20. Be3 Kh7 21. h4 cxd5 22. cxd5 Qb7 23. b3 Re8 24. Kf1 Qd7 25. Bd4 Qh3+ 26. Ke2 Qf5 27. Bxf6 Bxf6 28. Qd2 Rc8 29. Qe3 Rc2+ 30. Rd2 Rc5 31. Qd3 Qg4 32. Rc2 Rxc2+ 33. Qxc2 Bxh4 34. Qc4 Qxc4+ 35. bxc4 Bf6 36. Kd3 g5 37. Ke4 Kg6 38. Ng1 Be5 39. Nf3 f5+ 40. Kd3 Bf6 0-1

[Event "Llinars del Valles op-A 7th"]
[Site "Llinars del Valles"]
[Date "2013.04.13"]
[Round "1"]
[White "Aymerich Verdaguer, Eduard"]
[Black "Pruja Ramirez de Cartagena, Marc"]
[Result "0-1"]
[WhiteElo "1912"]
[BlackElo "2217"]
[PlyCount "142"]
[EventDate "2013.04.13"]
[EventType "swiss"]
[EventRounds "7"]
[EventCountry "ESP"]
[SourceTitle "EXT 2014"]
[Source "ChessBase"]
[SourceDate "2013.11.20"]
[SourceVersion "1"]
[SourceVersionDate "2013.11.20"]
[SourceQuality "1"]

1. Nf3 Nf6 2. c4 e6 3. Nc3 d5 4. d4 dxc4 5. e3 a6 6. a4 b6 7. Bxc4 Bb7 8. 0-0 Nbd7 9. Qe2 Bb4 10. Rd1 0-0 11. Bd3 Qe7 12. e4 e5 13. dxe5 Bxc3 14. bxc3 Nxe5 15. Nxe5 Qxe5 16. f4 Qxc3 17. Bb2 Qc5+ 18. Kh1 Qh5 19. Qe1 Qh6 20. e5 Qh3 21. Qg3 Qxg3 22. hxg3 Ng4 23. Kg1 Rfd8 24. Rac1 c5 25. Bc3 Bc6 26. Bxa6 Bxa4 27. Rxd8+ Rxd8 28. Be2 h5 29. Ra1 b5 30. Ba5 Rd7 31. Bb6 c4 32. Rc1 Rd2 33. Bf3 Ra2 34. Bd5 Rd2 35. Bf3 g6 36. Bc5 Rd3 37. Be2 Rxg3 38. Bf3 g5 39. Bb4 gxf4 40. Be1 Rxf3 41. gxf3 Nxe5 42. Bc3 Nd3 43. Ra1 Bb3 44. Ra8+ Kh7 45. Rb8 Ba4 46. Rb6 Nc1 47. Bd2 Na2 48. Rc6 c3 49. Bxf4 b4 50. Rh6+ Kg7 51. Rb6 f6 52. Bd6 c2 53. Bf4 Be8 54. Kf2 Bf7 55. Ke2 b3 56. Kd3 c1Q 57. Bxc1 Nxc1+ 58. Kc3 Ne2+ 59. Kd3 Nf4+ 60. Ke4 Ne6 61. Rb5 h4 62. Ke3 Nf8 63. Rb4 Ng6 64. f4 Ne7 65. Kf3 f5 66. Kf2 Bd5 67. Rb5 Kf7 68. Kg1 Ke6 69. Kh2 Kd6 70. Kh3 Nc6 71. Kxh4 Bc4 0-1

[Event "Girona op-A 3rd"]
[Site "Girona"]
[Date "2012.07.24"]
[Round "9"]
[White "Alejo Alvarez, Ricardo"]
[Black "Pruja Ramirez de Cartagena, Marc"]
[Result "0-1"]
[WhiteElo "1968"]
[BlackElo "2237"]
[PlyCount "82"]
[EventDate "2012.07.16"]
[EventType "swiss"]
[EventRounds "9"]
[EventCountry "ESP"]
[SourceTitle "CBM 149 Extra"]
[Source "ChessBase"]
[SourceDate "2012.08.24"]
[SourceVersion "1"]
[SourceVersionDate "2012.08.24"]
[SourceQuality "1"]

1. b3 e5 2. Bb2 Nc6 3. e3 Nf6 4. Bb5 Bd6 5. Nc3 a6 6. Bxc6 dxc6 7. e4 0-0 8. Nf3 Qe7 9. d3 Bg4 10. h3 Bxf3 11. Qxf3 Ba3 12. Bxa3 Qxa3 13. Qd1 Qb2 14. Ne2 Rad8 15. Qc1 Qxc1+ 16. Rxc1 c5 17. 0-0 Ne8 18. f4 f6 19. Rf3 c6 20. Rcf1 Nc7 21. fxe5 fxe5 22. Rxf8+ Rxf8 23. Rxf8+ Kxf8 24. Kf2 Ke7 25. Ke3 Kd6 26. Ng3 g6 27. Ne2 Ne6 28. c3 Nc7 29. Ng1 Ne6 30. Ne2 b5 31. g3 Ng5 32. h4 Nf7 33. Ng1 Nh6 34. Kf3 c4 35. dxc4 bxc4 36. Nh3 cxb3 37. axb3 Nf7 38. Ke3 Kc5 39. Nf2 Nd6 40. Kd3 a5 41. g4 h6 0-1

[Event "Girona op-A 3rd"]
[Site "Girona"]
[Date "2012.07.22"]
[Round "7"]
[White "Vilar Lopez, Monica"]
[Black "Pruja Ramirez de Cartagena, Marc"]
[Result "1-0"]
[WhiteElo "2154"]
[BlackElo "2237"]
[PlyCount "95"]
[EventDate "2012.07.16"]
[EventType "swiss"]
[EventRounds "9"]
[EventCountry "ESP"]
[SourceTitle "CBM 149 Extra"]
[Source "ChessBase"]
[SourceDate "2012.08.24"]
[SourceVersion "1"]
[SourceVersionDate "2012.08.24"]
[SourceQuality "1"]

1. e4 d6 2. d4 g6 3. Nc3 Bg7 4. Be3 a6 5. Qd2 b5 6. Bd3 Bb7 7. Nf3 Nd7 8. 0-0 Ngf6 9. a4 b4 10. Ne2 Nxe4 11. Qxb4 Rb8 12. Qe1 0-0 13. Ng5 Ndf6 14. Ng3 Ng4 15. Qe2 Nxe3 16. fxe3 e5 17. Qg4 Nf6 18. Qh4 h6 19. Nxf7 Rxf7 20. Bxg6 Rf8 21. dxe5 Nd5 22. Rxf8+ Bxf8 23. Qg4 Qg5 24. Qe6+ Kh8 25. Qf7 Bg7 26. Nf5 Rg8 27. h4 Qd8 28. Nxh6 Ne7 29. exd6 Nxg6 30. Qxg6 Rf8 31. Nf7+ Rxf7 32. Qxf7 Qxd6 33. Rf1 Qh6 34. Qe8+ Kh7 35. Rf5 Qg6 36. Rh5+ Bh6 37. Qe7+ Qg7 38. Qxg7+ Kxg7 39. Kf2 Kg6 40. Rc5 c6 41. g4 Bg7 42. c3 Kf6 43. Kf3 Ke6 44. Ke4 Kd6 45. Rg5 c5+ 46. Kf5 Be5 47. Rg6+ Kd5 48. e4+ 1-0

[Event "Girona op-A 3rd"]
[Site "Girona"]
[Date "2012.07.16"]
[Round "1"]
[White "Gimenez Aguirre, Ismael Alejo"]
[Black "Pruja Ramirez de Cartagena, Marc"]
[Result "0-1"]
[WhiteElo "1872"]
[BlackElo "2237"]
[PlyCount "108"]
[EventDate "2012.07.16"]
[EventType "swiss"]
[EventRounds "9"]
[EventCountry "ESP"]
[SourceTitle "CBM 149 Extra"]
[Source "ChessBase"]
[SourceDate "2012.08.24"]
[SourceVersion "1"]
[SourceVersionDate "2012.08.24"]
[SourceQuality "1"]

1. e4 d6 2. d4 g6 3. Be3 Bg7 4. Bc4 Nf6 5. f3 c6 6. Nc3 d5 7. exd5 Nxd5 8. Nxd5 cxd5 9. Bb3 Nc6 10. Ne2 0-0 11. 0-0 Na5 12. Qd2 Nc4 13. Bxc4 dxc4 14. Qc3 Qd5 15. Rfd1 Bd7 16. Nf4 Qb5 17. a4 Qa6 18. Qb4 e6 19. d5 e5 20. Ne2 Rfd8 21. Nc3 Rac8 22. Nb5 b6 23. f4 Bxb5 24. Qxb5 Qxb5 25. axb5 Rd7 26. c3 f5 27. Ra4 Kf7 28. fxe5 Bxe5 29. Bd4 Kf6 30. Bxe5+ Kxe5 31. Kf2 Rcc7 32. Rd4 Rxd5 33. Raxc4 Rxc4 34. Rxc4 Rxb5 35. b4 Kd6 36. Rh4 h5 37. Rd4+ Rd5 38. Rc4 Kd7 39. Ke3 b5 40. Rh4 Rd1 41. Rh3 Ke6 42. Rg3 Kf6 43. Ke2 Rd6 44. Rh3 Kg5 45. Rg3+ Kf6 46. h3 g5 47. Rf3 f4 48. h4 Kf5 49. g3 Kg4 50. hxg5 fxg3 51. Re3 h4 52. Re5 h3 53. Re4+ Kxg5 54. Kf3 Rd3+ 0-1

[Event "Figueres op 12th"]
[Site "Figueres"]
[Date "2011.08.13"]
[Round "3"]
[White "Pruja Ramirez de Cartagena, Marc"]
[Black "Oms Pallisse, Josep"]
[Result "1/2-1/2"]
[WhiteElo "2269"]
[BlackElo "2489"]
[PlyCount "145"]
[EventDate "2011.08.11"]
[EventType "swiss"]
[EventRounds "9"]
[EventCountry "ESP"]
[SourceTitle "CBM 143 Extra"]
[Source "ChessBase"]
[SourceDate "2011.08.29"]
[SourceVersion "1"]
[SourceVersionDate "2011.08.29"]
[SourceQuality "1"]

1. e4 c6 2. Nf3 d5 3. Nc3 Bg4 4. h3 Bxf3 5. Qxf3 e6 6. g3 Nf6 7. Bg2 Nbd7 8. 0-0 Bc5 9. Qe2 0-0 10. e5 Ne8 11. Kh2 Nc7 12. f4 a6 13. b3 f6 14. Bb2 fxe5 15. fxe5 Qe7 16. Nd1 Rxf1 17. Bxf1 Rf8 18. d4 Ba3 19. Bxa3 Qxa3 20. Kg2 c5 21. c3 Nb8 22. Qb2 Qxb2+ 23. Nxb2 cxd4 24. cxd4 Nc6 25. Rd1 Nb5 26. Bxb5 axb5 27. Nd3 Ra8 28. Rd2 Kf7 29. Nc1 g5 30. Kf3 Rf8 31. Ke3 Ke7 32. Rf2 Rxf2 33. Kxf2 Nxd4 34. Ke3 Nc2+ 35. Kf3 Kf7 36. Nd3 Nd4+ 37. Ke3 Nc6 38. Kf3 h5 39. g4 hxg4+ 40. hxg4 Ke7 41. Ke3 Kd8 42. Nc5 Ke7 43. Nd3 b4 44. Kf3 b6 45. Ke3 Kd7 46. Kf3 Kc7 47. Ke3 Kb7 48. Kf3 Ka6 49. Ke2 Ka5 50. Ke3 Kb5 51. Kf2 Nb8 52. Ke3 Nd7 53. Kd4 Nc5 54. Ne1 Ne4 55. Nf3 Kc6 56. Ne1 Nf2 57. Nf3 Nxg4 58. Nxg5 Kd7 59. Nf3 Nh6 60. Ke3 Ng4+ 61. Kd4 Nf2 62. Ne1 Kc6 63. Nc2 Kb5 64. Ke3 Nd1+ 65. Kd2 Nc3 66. Nd4+ Kc5 67. Nxe6+ Kc6 68. Nf4 Nxa2 69. Nd3 Kd7 70. Ke3 Kc7 71. Kd4 Kc6 72. e6 Kd6 73. e7 1/2-1/2

[Event "Figueres op 12th"]
[Site "Figueres"]
[Date "2011.08.12"]
[Round "2"]
[White "Guzman Maglaya, Noli"]
[Black "Pruja Ramirez de Cartagena, Marc"]
[Result "0-1"]
[WhiteElo "1977"]
[BlackElo "2269"]
[PlyCount "64"]
[EventDate "2011.08.11"]
[EventType "swiss"]
[EventRounds "9"]
[EventCountry "ESP"]
[SourceTitle "CBM 143 Extra"]
[Source "ChessBase"]
[SourceDate "2011.08.29"]
[SourceVersion "1"]
[SourceVersionDate "2011.08.29"]
[SourceQuality "1"]

1. d4 Nf6 2. c4 c5 3. d5 b5 4. cxb5 a6 5. f3 axb5 6. e4 b4 7. e5 Ng8 8. Bc4 e6 9. Qb3 Qh4+ 10. g3 Qd4 11. Ne2 Qxe5 12. 0-0 Ba6 13. dxe6 fxe6 14. Bxa6 Nxa6 15. Qd3 Nf6 16. Bf4 Qd5 17. Qc2 c4 18. Nd2 Bc5+ 19. Kg2 g5 20. Ne4 Nxe4 21. fxe4 Qd3 22. Qxd3 cxd3 23. Bxg5 dxe2 24. Rfe1 0-0 25. Rxe2 Rf7 26. e5 Nc7 27. Rc1 Bb6 28. Rec2 Nd5 29. Bh6 Ne3+ 30. Bxe3 Bxe3 31. Rc8+ Rxc8 32. Rxc8+ Kg7 0-1

[Event "Figueres op 12th"]
[Site "Figueres"]
[Date "2011.08.11"]
[Round "1"]
[White "Pruja Ramirez de Cartagena, Marc"]
[Black "Gimenez Aguirre, Ismael Alejo"]
[Result "1-0"]
[WhiteElo "2269"]
[BlackElo "1712"]
[PlyCount "77"]
[EventDate "2011.08.11"]
[EventType "swiss"]
[EventRounds "9"]
[EventCountry "ESP"]
[SourceTitle "CBM 143 Extra"]
[Source "ChessBase"]
[SourceDate "2011.08.29"]
[SourceVersion "1"]
[SourceVersionDate "2011.08.29"]
[SourceQuality "1"]

1. e4 d5 2. exd5 Qxd5 3. Nf3 Bg4 4. Be2 Nf6 5. c4 Qd6 6. d4 c6 7. Nc3 Nbd7 8. 0-0 e6 9. Be3 Be7 10. Qd2 0-0 11. Bf4 Qb4 12. a3 Qb3 13. Rac1 Nb6 14. Ne5 Bxe2 15. Qxe2 Rad8 16. Be3 Nfd7 17. Ne4 Nxe5 18. dxe5 Qd3 19. Qg4 h5 20. Qf4 Nxc4 21. Rxc4 Qxc4 22. Nf6+ Bxf6 23. Qxc4 Bxe5 24. Qe2 Rd5 25. b4 Rfd8 26. f4 Bf6 27. h3 Rd3 28. Bf2 g6 29. Kh2 Rd2 30. Qe4 Ra2 31. Qf3 Rc2 32. Bxa7 Rc3 33. Qe2 Rxa3 34. Bc5 Rad3 35. Rf3 Rd2 36. Qe4 h4 37. Ra3 Rd1 38. Qf3 Bb2 39. Ra8 1-0

[Event "ESP-ch U18"]
[Site "Padron"]
[Date "2011.07.25"]
[Round "1"]
[White "Pruja Ramirez de Cartagena, Marc"]
[Black "Romero Diez, Sandra"]
[Result "1-0"]
[WhiteElo "2269"]
[BlackElo "1868"]
[PlyCount "107"]
[EventDate "2011.07.25"]
[EventType "tourn"]
[EventRounds "9"]
[EventCountry "ESP"]
[SourceTitle "EXT 2012"]
[Source "ChessBase"]
[SourceDate "2011.11.24"]
[SourceVersion "1"]
[SourceVersionDate "2011.11.24"]
[SourceQuality "1"]

1. e4 e5 2. Nf3 Nc6 3. Bb5 f5 4. d3 fxe4 5. dxe4 Nf6 6. 0-0 Bc5 7. Qd3 Nd4 8. Nxd4 Bxd4 9. c3 Bb6 10. Bc4 d6 11. a4 a6 12. a5 Ba7 13. Bg5 Qe7 14. Nd2 Be6 15. Bd5 Bxd5 16. exd5 Qf7 17. Bxf6 gxf6 18. Qf5 0-0 19. Ne4 Kh8 20. Rad1 Qg6 21. Ng3 Qxf5 22. Nxf5 Rg8 23. h4 h5 24. Kh2 Kh7 25. f3 Raf8 26. Kh3 Rf7 27. Rde1 Rd7 28. Re4 b6 29. Ra1 b5 30. Rc1 Rb8 31. g4 hxg4+ 32. fxg4 Kg6 33. Rf1 Rh7 34. Rf3 Rbh8 35. b4 Bg1 36. g5 fxg5 37. Rg4 e4 38. Rf1 Ba7 39. Rxg5+ Kf6 40. Nxd6+ Ke7 41. Nf5+ Kd7 42. Re1 e3 43. Re2 Re8 44. h5 Re4 45. h6 c5 46. Rg7+ Rxg7 47. hxg7 Re8 48. Nh6 cxb4 49. cxb4 Bd4 50. g8Q Rxg8 51. Nxg8 Kd6 52. Nh6 Kxd5 53. Nf5 Bc3 54. Nxe3+ 1-0

[Event "Catalunya-ch U20"]
[Site "Vila Seca"]
[Date "2011.04.23"]
[Round "6"]
[White "Nieto Farreny, Francesc"]
[Black "Pruja Ramirez de Cartagena, Marc"]
[Result "0-1"]
[WhiteElo "2044"]
[BlackElo "2248"]
[PlyCount "74"]
[EventDate "2011.04.20"]
[EventType "swiss"]
[EventRounds "8"]
[EventCountry "ESP"]
[SourceTitle "EXT 2012"]
[Source "ChessBase"]
[SourceDate "2011.11.24"]
[SourceVersion "1"]
[SourceVersionDate "2011.11.24"]
[SourceQuality "1"]

1. c4 Nf6 2. d4 c5 3. d5 b5 4. cxb5 a6 5. e3 g6 6. Nc3 Bg7 7. e4 d6 8. Nf3 0-0 9. a4 axb5 10. Bxb5 Ba6 11. Bd2 Bxb5 12. axb5 Nbd7 13. 0-0 Nb6 14. Qb3 Nfd7 15. Be3 h6 16. Nd2 f5 17. f3 Ne5 18. Ra6 f4 19. Bf2 Rb8 20. Rfa1 Qe8 21. Ra7 g5 22. Rc7 Bf6 23. Na4 Nxa4 24. Rxa4 Rxb5 25. Qd1 Rxb2 26. Nc4 Nxc4 27. Rxc4 Qb5 28. Rc1 Rb8 29. Rc6 Qe2 30. h4 Qxd1+ 31. Rxd1 Re2 32. Re1 Rd2 33. hxg5 hxg5 34. e5 Bxe5 35. Bxc5 Rxd5 36. Bb6 Rxb6 37. Rxe5 Rb1+ 0-1

[Event "Catalunya-ch U20"]
[Site "Vila Seca"]
[Date "2011.04.20"]
[Round "1"]
[White "Pruja Ramirez de Cartagena, Marc"]
[Black "Arno Bendicho, Arnau"]
[Result "1-0"]
[WhiteElo "2248"]
[BlackElo "1908"]
[PlyCount "55"]
[EventDate "2011.04.20"]
[EventType "swiss"]
[EventRounds "8"]
[EventCountry "ESP"]
[SourceTitle "EXT 2012"]
[Source "ChessBase"]
[SourceDate "2011.11.24"]
[SourceVersion "1"]
[SourceVersionDate "2011.11.24"]
[SourceQuality "1"]

1. e4 c5 2. Ne2 Nc6 3. Nbc3 g6 4. d4 cxd4 5. Nxd4 Bg7 6. Nde2 Nf6 7. g3 0-0 8. Bg2 d6 9. 0-0 Bd7 10. Nd5 Re8 11. h3 Rc8 12. a4 Nxd5 13. exd5 Ne5 14. Ra2 Nc4 15. b3 Na5 16. Be3 Qc7 17. c4 b6 18. Bd4 Bxd4 19. Nxd4 a6 20. Re1 e5 21. dxe6 Bxe6 22. Rae2 Qd7 23. Nxe6 fxe6 24. Rxe6 Rxe6 25. Rxe6 Rd8 26. Bd5 Kh8 27. Qd4+ Qg7 28. Qxb6 1-0

[Event "ESP-ch U18"]
[Site "Linares"]
[Date "2010.08.01"]
[Round "9"]
[White "Pardo Simon, David"]
[Black "Pruja Ramirez de Cartagena, Marc"]
[Result "1-0"]
[WhiteElo "2354"]
[BlackElo "2228"]
[PlyCount "63"]
[EventDate "2010.07.26"]
[EventType "swiss"]
[EventRounds "9"]
[EventCountry "ESP"]
[SourceTitle "CBM 137 Extra"]
[Source "ChessBase"]
[SourceDate "2010.09.01"]
[SourceVersion "1"]
[SourceVersionDate "2010.09.01"]
[SourceQuality "1"]

1. e4 c5 2. Nf3 d6 3. d4 Nf6 4. Nc3 cxd4 5. Nxd4 a6 6. Bg5 e6 7. f4 Nc6 8. Nxc6 bxc6 9. e5 h6 10. Bh4 g5 11. fxg5 Nd5 12. Ne4 Qb6 13. Bd3 hxg5 14. Bxg5 Qxb2 15. 0-0 Qxe5 16. h3 Be7 17. Bxe7 Kxe7 18. Qd2 f5 19. Qg5+ Kd7 20. Nf2 Qf6 21. Qd2 Rg8 22. c4 Ne7 23. Be4 Qg5 24. Qe2 Rb8 25. Rad1 c5 26. Bf3 Bb7 27. Bxb7 Rxb7 28. Nd3 Ke8 29. Nf4 Qg7 30. Rxd6 Qh8 31. Nxe6 Rb2 32. Nc7+ 1-0

[Event "ESP-ch U18"]
[Site "Linares"]
[Date "2010.07.27"]
[Round "3"]
[White "Perera Borrego, Mariela"]
[Black "Pruja Ramirez de Cartagena, Marc"]
[Result "0-1"]
[WhiteElo "2068"]
[BlackElo "2228"]
[PlyCount "100"]
[EventDate "2010.07.26"]
[EventType "swiss"]
[EventRounds "9"]
[EventCountry "ESP"]
[SourceTitle "CBM 137 Extra"]
[Source "ChessBase"]
[SourceDate "2010.09.01"]
[SourceVersion "1"]
[SourceVersionDate "2010.09.01"]
[SourceQuality "1"]

1. d4 Nf6 2. Nf3 g6 3. c3 Bg7 4. Bg5 0-0 5. Nbd2 d5 6. e3 Nbd7 7. Be2 Re8 8. b4 e5 9. Nb3 h6 10. Bh4 g5 11. Bg3 Ne4 12. Rc1 Nxg3 13. hxg3 c6 14. a4 e4 15. Nfd2 f5 16. c4 Qe7 17. cxd5 cxd5 18. Nc5 Nf6 19. Qb3 Kh7 20. Qc3 Qd6 21. Ncb3 Bd7 22. Qc5 Qe6 23. b5 b6 24. Qb4 f4 25. Nf1 Bf8 26. Qd2 fxg3 27. Nxg3 Bd6 28. Nh5 Nxh5 29. Bxh5 Rf8 30. Rc2 Qe7 31. Qe2 Qe6 32. Kd2 Bb4+ 33. Kc1 Qd6 34. Kb1 a6 35. Bg4 axb5 36. Bxd7 Qxd7 37. Qxb5 Qxb5 38. Rc7+ Kg6 39. axb5 Rxf2 40. Rc6+ Kf5 41. Nc1 Ra5 42. Rhxh6 Rxg2 43. Rc2 Rxc2 44. Kxc2 Rxb5 45. Ne2 Kg4 46. Nc1 Kf3 47. Rh3+ Kg2 48. Rh5 g4 49. Ne2 Kf3 50. Nf4 Kxe3 0-1

[Event "Girona op 1st"]
[Site "Girona"]
[Date "2010.07.21"]
[Round "9"]
[White "Pruja Ramirez de Cartagena, Marc"]
[Black "Garcia Martinez, Josep"]
[Result "1-0"]
[WhiteElo "2228"]
[BlackElo "2119"]
[PlyCount "102"]
[EventDate "2010.07.13"]
[EventType "swiss"]
[EventRounds "9"]
[EventCountry "ESP"]
[SourceTitle "CBM 137 Extra"]
[Source "ChessBase"]
[SourceDate "2010.09.01"]
[SourceVersion "1"]
[SourceVersionDate "2010.09.01"]
[SourceQuality "1"]

1. e4 e6 2. d4 d5 3. Nd2 Nc6 4. Ngf3 Nf6 5. e5 Nd7 6. Nb3 f6 7. Bb5 a6 8. Bxc6 bxc6 9. 0-0 c5 10. exf6 Qxf6 11. c4 dxc4 12. Na5 cxd4 13. Bg5 Qf5 14. Qa4 Bd6 15. Nxd4 Qe5 16. Nf3 Qf5 17. Nxc4 Bb7 18. Bh4 0-0 19. Nxd6 cxd6 20. Qxd7 Rf7 21. Qxd6 Raf8 22. Rae1 Bd5 23. b3 Qg4 24. Bg3 Rxf3 25. h3 Qg5 26. Qe5 Qxe5 27. Bxe5 Rd3 28. Rc1 Rd2 29. a3 Bxb3 30. f3 Rf5 31. Rc8+ Kf7 32. Rc7+ Kg6 33. Rxg7+ Kh6 34. Ba1 Rc5 35. Rg4 Rg5 36. Bc3 Rc2 37. Bb4 Rxg4 38. hxg4 Kg5 39. Be7+ Kf4 40. Re1 Bd5 41. Bh4 e5 42. Rf1 e4 43. g3+ Ke3 44. Bg5+ Kd3 45. Rd1+ Kc4 46. Be3 Re2 47. Rd4+ Kc3 48. Rxd5 Rxe3 49. fxe4 Rxe4 50. g5 Kc4 51. Ra5 Re6 1-0

[Event "Girona op 1st"]
[Site "Girona"]
[Date "2010.07.16"]
[Round "4"]
[White "Parramon Ros, Francesco"]
[Black "Pruja Ramirez de Cartagena, Marc"]
[Result "0-1"]
[WhiteElo "2066"]
[BlackElo "2228"]
[PlyCount "49"]
[EventDate "2010.07.13"]
[EventType "swiss"]
[EventRounds "9"]
[EventCountry "ESP"]
[SourceTitle "CBM 137 Extra"]
[Source "ChessBase"]
[SourceDate "2010.09.01"]
[SourceVersion "1"]
[SourceVersionDate "2010.09.01"]
[SourceQuality "1"]

1. e4 c5 2. b3 Nf6 3. e5 Nd5 4. Bb2 Nc6 5. Bc4 Nb6 6. Bd3 e6 7. Nf3 Be7 8. Nc3 0-0 9. Ne4 Nb4 10. Be2 f5 11. exf6 gxf6 12. 0-0 d5 13. Ng3 e5 14. c3 Nc6 15. d4 cxd4 16. cxd4 e4 17. Ne1 f5 18. f4 Bh4 19. Nh5 Be6 20. Ba3 Re8 21. Nc2 Bf7 22. Ne3 Qd7 23. Rc1 Kh8 24. Bd6 Qxd6 25. Nxf5 0-1

[Event "Girona op 1st"]
[Site "Girona"]
[Date "2010.07.14"]
[Round "2"]
[White "Saurina Suner, Francesc Xavier"]
[Black "Pruja Ramirez de Cartagena, Marc"]
[Result "0-1"]
[WhiteElo "1895"]
[BlackElo "2228"]
[PlyCount "68"]
[EventDate "2010.07.13"]
[EventType "swiss"]
[EventRounds "9"]
[EventCountry "ESP"]
[SourceTitle "CBM 137 Extra"]
[Source "ChessBase"]
[SourceDate "2010.09.01"]
[SourceVersion "1"]
[SourceVersionDate "2010.09.01"]
[SourceQuality "1"]

1. e4 c5 2. Nf3 e6 3. c4 Nc6 4. Nc3 Qc7 5. d4 cxd4 6. Nxd4 Nf6 7. a3 a6 8. Be3 Be7 9. f4 0-0 10. Rc1 Nxd4 11. Qxd4 Ng4 12. Bd3 Nxe3 13. Qxe3 Bc5 14. Qf3 d6 15. Nd1 d5 16. b4 dxe4 17. Bxe4 Bd6 18. 0-0 f5 19. Bb1 Bd7 20. c5 Be7 21. Nb2 Bc6 22. Qe3 Rf6 23. Ba2 Be4 24. Nc4 Rd8 25. Ne5 Rh6 26. Rfd1 Kf8 27. g4 Bf6 28. Nc4 Rg6 29. g5 h6 30. h4 hxg5 31. fxg5 Bd4 32. Rxd4 Rxd4 33. Qxd4 Qg3+ 34. Kf1 Bd3+ 0-1

[Event "Catalunya-ch U20"]
[Site "Vila Seca"]
[Date "2010.04.01"]
[Round "3"]
[White "Ezquerro Luque, Albert"]
[Black "Pruja Ramirez de Cartagena, Marc"]
[Result "0-1"]
[WhiteElo "1960"]
[BlackElo "2228"]
[PlyCount "66"]
[EventDate "2010.03.31"]
[EventType "swiss"]
[EventRounds "9"]
[EventCountry "ESP"]
[SourceTitle "CBM 135 Extra"]
[Source "ChessBase"]
[SourceDate "2010.05.04"]
[SourceVersion "1"]
[SourceVersionDate "2010.05.04"]
[SourceQuality "1"]

1. e4 c5 2. Nc3 d6 3. Bc4 Nc6 4. f4 g6 5. Nf3 Bg7 6. 0-0 Nf6 7. d3 0-0 8. Qe1 Nd4 9. Nxd4 cxd4 10. Ne2 d5 11. exd5 Nxd5 12. Ng3 e6 13. Ne4 b6 14. Ng5 Bb7 15. Qh4 h6 16. Nf3 Qxh4 17. Nxh4 Rac8 18. Bd2 Rfd8 19. a4 a6 20. g4 b5 21. axb5 axb5 22. Bb3 Ne3 23. Bxe3 dxe3 24. Nf3 Bxb2 25. Rae1 Ba3 26. h3 Bd6 27. Ne5 Kg7 28. d4 Bxe5 29. fxe5 Rc3 30. Re2 Rxd4 31. Rfe1 Re4 32. Rd1 Rxe5 33. Rd7 Bd5 0-1

[Event "Girona Province-chA"]
[Site "Figueres"]
[Date "2009.10.04"]
[Round "1"]
[White "Pruja Ramirez de Cartagena, Eduardo"]
[Black "Pruja Ramirez de Cartagena, Marc"]
[Result "0-1"]
[WhiteElo "1744"]
[BlackElo "2226"]
[PlyCount "70"]
[EventDate "2009.10.04"]
[EventType "swiss"]
[EventRounds "8"]
[EventCountry "ESP"]
[SourceTitle "EXT 2019"]
[Source "ChessBase"]
[SourceDate "2018.10.10"]
[SourceVersion "1"]
[SourceVersionDate "2018.10.10"]
[SourceQuality "1"]

1. e4 c5 2. Nf3 Nf6 3. Nc3 d5 4. Bb5+ Bd7 5. Bxd7+ Qxd7 6. exd5 Nxd5 7. Nxd5 Qxd5 8. 0-0 Nc6 9. d3 e5 10. Re1 0-0-0 11. Qe2 f6 12. Be3 h5 13. h4 Bd6 14. Nd2 g5 15. hxg5 f5 16. Qf3 Qe6 17. Nc4 Be7 18. Nd2 Qg6 19. Nb3 b6 20. Rad1 Kc7 21. Bd2 f4 22. Bc3 Qxg5 23. Qe4 Bd6 24. Nd2 Rhe8 25. Nf3 Qf6 26. Re2 Re7 27. Rde1 Rde8 28. a3 Nd4 29. Rd2 Rg8 30. Qd5 Reg7 31. Nh2 Qg5 32. f3 Qh4 33. Rf1 Nf5 34. Bxe5 Rxg2+ 35. Rxg2 Rxg2+ 0-1

[Event "EU-ch U16 19th"]
[Site "Fermo"]
[Date "2009.09.06"]
[Round "6"]
[White "Stella, Andrea"]
[Black "Pruja Ramirez de Cartagena, Marc"]
[Result "1-0"]
[WhiteElo "2301"]
[BlackElo "2214"]
[PlyCount "97"]
[EventDate "2009.08.31"]
[EventType "swiss"]
[EventRounds "9"]
[EventCountry "ITA"]
[SourceTitle "CBM 132 Extra"]
[Source "ChessBase"]
[SourceDate "2009.11.03"]
[SourceVersion "1"]
[SourceVersionDate "2009.11.03"]
[SourceQuality "1"]

1. d4 Nf6 2. c4 e6 3. Nf3 d5 4. e3 dxc4 5. Bxc4 c5 6. 0-0 a6 7. Bb3 b5 8. Qe2 Bb7 9. Rd1 Qc7 10. a4 c4 11. Bc2 Nbd7 12. axb5 axb5 13. Rxa8+ Bxa8 14. b3 Bd6 15. bxc4 bxc4 16. Na3 0-0 17. Qxc4 Qb8 18. Qb3 Bb7 19. Nc4 Bc7 20. Nfd2 e5 21. dxe5 Ng4 22. Bb2 Ngxe5 23. Nxe5 Nxe5 24. Bxe5 Bxe5 25. Nf3 Bc7 26. e4 Qa8 27. Qe3 Re8 28. Re1 Qc8 29. h3 Ba5 30. Re2 Qa8 31. Bd3 Qd8 32. e5 Bb6 33. Qd2 g6 34. Bc4 Qc8 35. Qf4 Re7 36. Ng5 Qf8 37. Nxf7 Rxf7 38. Bxf7+ Qxf7 39. Qxf7+ Kxf7 40. Rb2 Bxg2 41. Kxg2 Bd4 42. Rb5 Ke6 43. f4 g5 44. Kf3 Kf5 45. fxg5 Bxe5 46. h4 Ke6 47. Kg4 Bd6 48. Rb6 Kd7 49. Kh5 1-0

[Event "Figueres op 10th"]
[Site "Figueres"]
[Date "2009.08.05"]
[Round "6"]
[White "Colovic, Aleksandar"]
[Black "Pruja Ramirez de Cartagena, Marc"]
[Result "1-0"]
[WhiteElo "2441"]
[BlackElo "2214"]
[PlyCount "67"]
[EventDate "2009.08.01"]
[EventType "swiss"]
[EventRounds "9"]
[EventCountry "ESP"]
[SourceTitle "EXT 2010"]
[Source "ChessBase"]
[SourceDate "2010.11.25"]
[SourceVersion "1"]
[SourceVersionDate "2010.11.25"]
[SourceQuality "1"]

1. Nf3 Nf6 2. c4 e6 3. g3 d5 4. Bg2 dxc4 5. Qa4+ Nbd7 6. Qxc4 a6 7. Qb3 c5 8. 0-0 Bd6 9. Nc3 0-0 10. Rd1 Qc7 11. d4 b5 12. Ng5 Bb7 13. d5 e5 14. Nge4 b4 15. Nxd6 Qxd6 16. Ne4 Nxe4 17. Bxe4 f5 18. Bg2 Kh8 19. Bg5 Nb6 20. Rac1 a5 21. Qf3 Rae8 22. Qh5 Nd7 23. Qh4 Ba6 24. e4 f4 25. Bh3 Nb6 26. Bf5 g6 27. Be6 Rxe6 28. dxe6 Qxe6 29. Rxc5 fxg3 30. Qxg3 Nc4 31. b3 Nb2 32. Rxe5 Qb6 33. Re7 Qb5 34. Bf6+ 1-0